Famous Companies By Logo #4 - Statistics

General Stats
  • This quiz has been taken 203 times
  • The average score is 11 of 13
Answer Stats
Picture Answer % Correct
Disney
99%
Olympics
95%
Pizza Hut
93%
Pringles
93%
Snapchat
90%
Android
89%
Ferrari
85%
Louis Vuitton
82%
National Geographic
76%
Rolex
76%
Pinterest
75%
NBC
71%
Cisco
34%
No matching quizzes found
Score Distribution
Percent of People with Each Score
Percentile by Number Answered
Your Score History
You have not taken this quiz